000 01185cam a2200301 a 4500
005 20191224041538.0
008 920408r1998 us a r 00110 spa d
020 _a0201629348 (Estados Unidos)
040 _ala
_cla
_dCO-BoIAVH
041 1 _aspa
_heng
044 _axxu
082 0 4 _a571.74
_bB67b
100 1 _aBohinski, Robert C.
_eautor
245 1 0 _aBioquímica /
_cRobert C. Bohinski ; versión en español de Ramón Elizondo Mata ; con la colaboración de Ernesto Bautista Barrera.
250 _aQuinta edición
260 _aWilmington (Delaware, Estados Unidos) ;
_bAddison-Wesley Iberoamericana,
_c1991.
300 _axii, 739 páginas :
_bilustraciones ;
_c26 x 20 cm.
504 _aIncluye referencias bibliográficas e índice.
534 _pTítulo original.
_tModern concepts in biochemistry.
650 2 6 _aBioquímica
650 2 6 _aGenética molecular
650 2 6 _aSíntesis de proteínas
650 2 6 _aBioquímica
_xtécnicas de laboratorio
650 2 6 _aSecuencia de ADN
700 1 _aElizondo Mata, Ramón
_etraducción
700 1 _aBautista Barrera, Ernesto
_etraducción
942 _2ddc
_cLIBRO
999 _c663
_d663